[Event "Team GB Knockout"]
[Site "SchemingMind.com"]
[Date "2007.01.19"]
[Round "-"]
[White "Lee Shuck"]
[Black "Scarian"]
[Result "0-1"]
[WhiteCountry "ENG"]
[BlackCountry "GBR"]
[WhiteElo "1344"]
[WhiteRD "62"]
[BlackElo "1890"]
[BlackRD "107"]
[GameID "87409"]

1. e4 c5 2. Nf3 d6 3. d4 cxd4 4. Nxd4 Nf6 5. Nc3 a6 6. Bc4 e6 7. Be3 Be7 8. O-O O-O 9. f4 Qc7 10. b3 Nc6
11. Nf3 b5 12. Bxb5 axb5 13. Nxb5 Qd7 14. e5 dxe5 15. Nxe5 Qxd1 16. Rfxd1 Nxe5 17. fxe5 Nd5 18. Ba7 Ba6 19. Nc3 Nxc3 20. Rd7 Rxa7
21. Rxa7 Bc5+ 22. Kh1 Bxa7
0-1

[Event "Team GB Knockout"]
[Site "SchemingMind.com"]
[Date "2007.01.19"]
[Round "-"]
[White "Scarian"]
[Black "Lee Shuck"]
[Result "1-0"]
[WhiteCountry "GBR"]
[BlackCountry "ENG"]
[WhiteElo "1890"]
[WhiteRD "107"]
[BlackElo "1344"]
[BlackRD "62"]
[GameID "87412"]

1. e4 e5 2. Nf3 Nc6 3. Bb5 a6 4. Bxc6 dxc6 5. d4 exd4 6. Qxd4 Qxd4 7. Nxd4 c5 8. Nf3 Nf6 9. e5 Nd5 10. c4 Nb4
11. Na3 Bf5 12. Bd2 Nd3+ 13. Ke2 Nxb2 14. Rab1 Bxb1 15. Rxb1 Nxc4 16. Nxc4 O-O-O 17. a4 g6 18. Ng5 Rd7 19. Bc3 b5 20. axb5 axb5
21. Rxb5 c6 22. Nb6+ Kc7 23. e6 Bg7 24. Bxg7 Re8 25. Be5+ Kd8 26. Ra5 Rd5 27. Ra8+ Ke7 28. Ra7+ Kf8 29. Rxf7+ Kg8 30. Rg7+
1-0

[Event "Team GB Knockout"]
[Site "SchemingMind.com"]
[Date "2007.01.26"]
[Round "-"]
[White "mart_r3000"]
[Black "mebalse"]
[Result "0-1"]
[WhiteCountry "ENG"]
[BlackCountry "URU"]
[WhiteElo "1361"]
[WhiteRD "56"]
[BlackElo "1890"]
[BlackRD "83"]
[GameID "88567"]

1. e4 d5 2. d4 dxe4 3. Nc3 f5 4. f4 e6 5. Bc4 Nf6 6. d5 Bb4 7. Ne2 exd5 8. Bb3 c5 9. O-O d4 10. a3 Ba5
11. Ba4+ Bd7 12. Nb5 Bc6 13. c3 a6 14. Nbxd4 cxd4 15. Qb3 Bxa4 16. Qxa4+ b5 17. Qb3 Qd7 18. Nxd4 Nc6 19. Rd1 Nxd4 20. Rxd4 Bb6
21. Be3 Bxd4 22. cxd4 Nd5 23. Bf2 Nxf4 24. g3 Nd3 25. Be3 Rc8 26. Qd1 O-O 27. Qb3+ Rc4 28. Kg2 Qc6 29. h4 f4 30. gxf4 Nxf4+
31. Kg3 Ne2+ 32. Kh2 Qd6+ 33. Kg2 Qg3+
0-1

[Event "Team GB Knockout"]
[Site "SchemingMind.com"]
[Date "2007.01.26"]
[Round "-"]
[White "mebalse"]
[Black "mart_r3000"]
[Result "1-0"]
[WhiteCountry "URU"]
[BlackCountry "ENG"]
[WhiteElo "1890"]
[WhiteRD "83"]
[BlackElo "1361"]
[BlackRD "56"]
[GameID "88572"]

1. Nf3 d5 2. d4 Nc6 3. Bf4 f6 4. e3 e6 5. Nbd2 Qe7 6. Bb5 Bd7 7. c4 dxc4 8. Qa4 g5 9. Bxc7 Rc8 10. Bg3 g4
11. Ng1 f5 12. Nxc4 Ra8 13. Nd6+ Kd8 14. Nxb7+ Kc8 15. Nd6+ Kd8 16. Bxc6 Nf6 17. Qa5#
1-0

[Event "Team GB Knockout"]
[Site "SchemingMind.com"]
[Date "2007.02.12"]
[Round "-"]
[White "jasniepanicz"]
[Black "Bacon"]
[Result "1-0"]
[WhiteCountry "POL"]
[BlackCountry "BER"]
[WhiteElo "1466"]
[WhiteRD "94"]
[BlackElo "1015"]
[BlackRD "83"]
[GameID "91825"]

1. e4 d5 2. exd5 Qxd5 3. Nc3 Qe5+ 4. Qe2 Qf5 5. d3 e5 6. Nd5 Bd6 7. Be3 Be6 8. Nc3 Nc6 9. a3 O-O-O 10. Nb5 a6
11. Nxd6+ Rxd6 12. g3 Nf6 13. Nf3 Bd5 14. Bg2 Rhd8 15. O-O e4 16. Nh4 Qg4 17. Rfe1 Qxe2 18. Rxe2 Ne5 19. Nf5 Rb6 20. Bxb6 cxb6
21. dxe4 Bc4 22. Re3 Rd2 23. Rc3 Nfg4 24. f4 Nc6 25. Rxc4 b5 26. Rc5 g6 27. Ne7+ Kd7 28. Rd5+ Rxd5 29. Nxd5 Ke6 30. Bh3 f5
31. Bxg4 fxg4 32. Rd1 Ne7 33. Nxe7 Kxe7 34. e5 a5 35. Kf2 b6 36. Ke3 Ke6 37. Ke4 b4 38. Rd6+ Ke7 39. Rxb6 Kf7 40. axb4 axb4
41. Rxb4 h5 42. c4 Kg7 43. c5 Kh6 44. c6 g5 45. c7 h4 46. c8=Q hxg3 47. Qe6+ Kh5 48. Qf7+ Kh6 49. Rb6#
1-0

[Event "Team GB Knockout"]
[Site "SchemingMind.com"]
[Date "2007.02.12"]
[Round "-"]
[White "Bacon"]
[Black "jasniepanicz"]
[Result "0-1"]
[WhiteCountry "BER"]
[BlackCountry "POL"]
[WhiteElo "1015"]
[WhiteRD "83"]
[BlackElo "1466"]
[BlackRD "94"]
[GameID "91835"]

1. e4 c5 2. d4 cxd4 3. Qxd4 Nc6 4. Qc4 h6 5. Nf3 e6 6. Bd3 Nf6 7. O-O Bd6 8. Qb5 a6 9. Qc4 b5 10. Qb3 Qc7
11. Be3 Ne5 12. Nxe5 Bxe5 13. c4 bxc4 14. Bxc4 Nxe4 15. Bd3 Rb8 16. Qa3 Bxb2 17. Rc1 Qxc1+ 18. Bxc1 Bxa3 19. Bxa3 Nf6 20. Nc3 Bb7
21. Rb1 Kd8 22. Bxa6 Kc7 23. Nb5+ Kb6 24. Bd6 Kxa6 25. Bxb8 Rxb8 26. Nd6 h5 27. Nxf7 Ne4 28. f3 Nc5 29. Nd6 Na4 30. Rb5 Nc3
31. Rxh5 Bd5 32. a3 Nb5 33. Nf7 Nxa3 34. g4 Nc4 35. f4 Rb1+ 36. Kf2 e5 37. fxe5 Rb2+ 38. Kg3 Bxf7 39. Rf5 Be6 40. Rg5 Rb3+
41. Kh4 Rb2 42. h3 Re2 43. Rxg7 Nxe5 44. g5 Re4+ 45. Kh5 Bxh3 46. g6 Bf5 47. Kh6 Bxg6 48. Rxg6+ Nxg6 49. Kxg6 d5 50. Kf5 Re1
0-1

[Event "Team GB Knockout"]
[Site "SchemingMind.com"]
[Date "2007.02.16"]
[Round "-"]
[White "tacticrules"]
[Black "GrischukFan"]
[Result "1/2-1/2"]
[WhiteCountry "GER"]
[BlackCountry "GER"]
[WhiteElo "1554"]
[WhiteRD "51"]
[BlackElo "2147"]
[BlackRD "102"]
[GameID "92312"]

1. e4 c5 2. Nf3 Nc6 3. d4 cxd4 4. Nxd4 Nf6 5. Nc3 e5 6. Ndb5 d6 7. Bg5 a6 8. Bxf6 gxf6 9. Na3 b5 10. Nd5 f5
11. Bd3 Be6 12. f3 Bg7 13. O-O Rb8 14. c3 O-O=
1/2-1/2

[Event "Team GB Knockout"]
[Site "SchemingMind.com"]
[Date "2007.02.15"]
[Round "-"]
[White "GrischukFan"]
[Black "tacticrules"]
[Result "1-0"]
[WhiteCountry "GER"]
[BlackCountry "GER"]
[WhiteElo "2147"]
[WhiteRD "102"]
[BlackElo "1554"]
[BlackRD "51"]
[GameID "92318"]

1. e4 e5 2. Nf3 Nf6 3. Nxe5 d6 4. Nf3 Nxe4 5. d4 d5 6. Bd3 Be7 7. O-O Nc6 8. Re1 Bg4 9. c4 O-O 10. cxd5 Qxd5
11. Bxe4 Bxf3 12. Bxd5 Bxd1 13. Bxc6 bxc6 14. Rxe7
1-0

[Event "Team GB Knockout"]
[Site "SchemingMind.com"]
[Date "2007.02.16"]
[Round "-"]
[White "willygor"]
[Black "jorge47"]
[Result "1-0"]
[WhiteCountry "ARG"]
[BlackCountry "ARG"]
[WhiteElo "1713"]
[WhiteRD "72"]
[BlackElo "1272"]
[BlackRD "130"]
[GameID "92442"]

1. e4 c5 2. f4 d6 3. Bb5+ Bd7 4. Bxd7+ Nxd7 5. Nf3 g6 6. Nc3 Bg7 7. O-O e5 8. fxe5 dxe5 9. d3 Qb6 10. Nd5 Qc6
11. Bg5 f6 12. Bh4 O-O-O 13. c4 Nb6 14. Qd2 g5 15. Bf2 Re8 16. b4 Bf8 17. a4 Nxa4 18. b5 Qd7 19. Rxa4 a6 20. Nb6+
1-0

[Event "Team GB Knockout"]
[Site "SchemingMind.com"]
[Date "2007.02.16"]
[Round "-"]
[White "sidra"]
[Black "jordany101"]
[Result "1-0"]
[WhiteCountry "HUN"]
[BlackCountry "AUS"]
[WhiteElo "1698"]
[WhiteRD "81"]
[BlackElo "1236"]
[BlackRD "130"]
[GameID "92443"]

1. d4 d5 2. e3 Nc6 3. c4 e6 4. a3 Nf6 5. f3 h6 6. b4 a5 7. b5 Nb8 8. Nc3 dxc4 9. Bxc4 c5 10. bxc6 Nxc6
11. Nge2 Nd5 12. Nxd5 exd5 13. Bb5 Bd6 14. O-O Qg5 15. e4 Qg6 16. exd5 Bh3 17. Rf2 O-O-O 18. dxc6 Kc7 19. cxb7 Kxb7 20. Bd3 Bf5
21. Bxf5 Qxf5 22. Qb3+ Kc7 23. g3 Qh3 24. Qxf7+ Qd7 25. Qxd7+ Kxd7 26. Bf4 Bxf4 27. Nxf4 Rhe8 28. d5 Kd6 29. Ne6 Rd7 30. Rd2 a4
31. Rc1 g5 32. Nc5 Rc8 33. Nb7+ Rxb7 34. Rxc8 Kd7 35. Rc6 Kd8 36. Ra6 Kd7 37. Rxa4 Rb1+ 38. Kg2 Kd6 39. Ra5 h5 40. a4 Ke5
41. d6+ Ke6 42. d7 Rb8 43. Rxg5 Rd8 44. Rxh5 Rxd7 45. Rh6+ Ke7 46. Rh7+ Ke6 47. Rhxd7 Ke5 48. f4+
1-0

[Event "Team GB Knockout"]
[Site "SchemingMind.com"]
[Date "2007.02.16"]
[Round "-"]
[White "Darko"]
[Black "e_castle3"]
[Result "1-0"]
[WhiteCountry "ROU"]
[BlackCountry "PHI"]
[WhiteElo "1956"]
[WhiteRD "95"]
[BlackElo "1737"]
[BlackRD "67"]
[GameID "92444"]

1. e4 e5 2. Nf3 Nc6 3. Bb5 d6 4. d4 exd4 5. Nxd4 Bd7 6. Nc3 Nf6 7. O-O Nxd4 8. Bxd7+ Qxd7 9. Qxd4 Be7 10. Rd1 O-O
11. e5 Ne8 12. a4 Qf5 13. exd6 Nxd6 14. Nd5 Bd8 15. c4 Re8 16. f3 Qc2 17. Ne3 Qb3 18. Ra3
1-0

[Event "Team GB Knockout"]
[Site "SchemingMind.com"]
[Date "2007.02.19"]
[Round "-"]
[White "jorge47"]
[Black "willygor"]
[Result "0-1"]
[WhiteCountry "ARG"]
[BlackCountry "ARG"]
[WhiteElo "1408"]
[WhiteRD "121"]
[BlackElo "1755"]
[BlackRD "75"]
[GameID "92451"]

1. e4 c5 2. Nf3 Nc6 3. d4 cxd4 4. Nxd4 d6 5. Nc3 g6 6. Be2 Bg7 7. Be3 Nf6 8. O-O O-O 9. Nd5 Nxe4 10. f3 Nf6
11. Nxc6 bxc6 12. Nxf6+ Bxf6 13. c3 Qa5 14. Bd4 Bxd4+ 15. Qxd4 Qc7 16. b4 Bd7 17. a4 a5 18. b5 cxb5 19. Bxb5 Rfc8 20. Bxd7 Qxd7
21. Rfc1 Qa7 22. Qxa7 Rxa7 23. Kf2 Rac7 24. Ra3 d5 25. g4 d4 26. Ke2 dxc3 27. Kd3 Rd8+ 28. Kc2 Rd2+ 29. Kb1 c2+ 30. Kb2 Rxh2
31. Rc3 Rxc3 32. Kxc3 Rf2 33. Kc4 Rxf3 34. Rxc2 Rf4+ 35. Kb5 Rxg4 36. Kxa5 Rg1 37. Kb6 Rb1+ 38. Ka6 f5 39. a5 f4 40. Ka7 g5
41. a6 g4 42. Rc8+ Kg7 43. Rc7 Kf6 44. Rb7 Ra1 45. Kb6 g3 46. a7 g2 47. Kc7 g1=Q
0-1

[Event "Team GB Knockout"]
[Site "SchemingMind.com"]
[Date "2007.02.16"]
[Round "-"]
[White "jordany101"]
[Black "sidra"]
[Result "0-1"]
[WhiteCountry "AUS"]
[BlackCountry "HUN"]
[WhiteElo "1354"]
[WhiteRD "176"]
[BlackElo "1630"]
[BlackRD "80"]
[GameID "92452"]

1. d4 d5 2. Nc3 e6 3. Nf3 f6 4. Bf4 a6 5. e3 g5 6. Bg3 h5 7. h4 g4 8. Ng1 Nc6 9. f3 gxf3 10. Nxf3 Bd6
11. Bxd6 cxd6 12. Bd3 Nce7 13. O-O f5 14. Ng5 Nf6 15. e4 dxe4 16. Bc4 d5 17. Bb3 Ng4 18. Re1 b5 19. a4 b4 20. Ne2 Qc7
21. c3 Qh2+ 22. Kf1 Ne3+ 23. Kf2 Nxd1+ 24. Rexd1 Qxh4+ 25. Ng3 Qxg5 26. c4 Qf4+ 27. Kg1 Qxg3 28. cxd5 Qxb3 29. dxe6 Bxe6 30. d5 Nxd5
31. a5 Qe3+ 32. Kh2 Qf4+ 33. g3 Qf2+ 34. Kh3 f4+ 35. Kh4 Qxg3#
0-1

[Event "Team GB Knockout"]
[Site "SchemingMind.com"]
[Date "2007.02.16"]
[Round "-"]
[White "e_castle3"]
[Black "Darko"]
[Result "0-1"]
[WhiteCountry "PHI"]
[BlackCountry "ROU"]
[WhiteElo "1737"]
[WhiteRD "67"]
[BlackElo "1956"]
[BlackRD "95"]
[GameID "92453"]

1. d4 Nf6 2. c4 e6 3. Nc3 Bb4 4. a3 Bxc3+ 5. bxc3 c5 6. Nf3 O-O 7. e3 b6 8. Bd3 d5 9. cxd5 exd5 10. O-O c4
11. Be2 Ne4 12. Qc2 Bf5 13. Qb2 Nc6 14. Nd2 Nxd2 15. Bxd2 Na5 16. Bd1 Bd3 17. Re1 Qd6 18. Ra2 f5 19. Bc2 Bxc2 20. Qxc2 Nb3
21. Rb1 Rf6 22. f4 h6 23. Be1 Qe6 24. Bf2 g5 25. fxg5 hxg5 26. Qd1 Qe4 27. Qf3 Qxb1+
0-1

[Event "Team GB Knockout"]
[Site "SchemingMind.com"]
[Date "2007.02.19"]
[Round "-"]
[White "Guillote"]
[Black "cai"]
[Result "1-0"]
[WhiteCountry "ARG"]
[BlackCountry "SWE"]
[WhiteElo "1586"]
[WhiteRD "76"]
[BlackElo "1608"]
[BlackRD "82"]
[GameID "92625"]

1. e4 c5 2. Nf3 d6 3. d4 cxd4 4. Nxd4 Nf6 5. Nc3 g6 6. Be3 Bg7 7. f3 e5 8. Ndb5 Bf8 9. Be2 a6 10. Na3 Be6
11. O-O b5 12. Bg5 b4 13. Nd5 Bxd5 14. Bxf6 Qxf6 15. Qxd5 Ra7 16. Nc4 Nd7 17. Rad1 Be7 18. Qc6 O-O 19. Nb6 Nxb6 20. Qxb6 Raa8
21. Qxb4 d5 22. Qa5 d4 23. Bc4 Rfc8 24. Bb3 Rc5 25. Qe1 a5 26. a4 Qg5 27. f4 exf4 28. Rxd4 Re5 29. Rd5 Bb4 30. Rxe5 Qxe5
31. Qh4 Bc5+ 32. Kh1 Qxe4 33. Qxf4 Qxf4 34. Rxf4 Ra7 35. g3 Bd6 36. Rd4 Be5 37. Rc4 Bxb2 38. Kg2 Kg7 39. Kf3 Rb7 40. Rc5 Ra7
41. Rc8 Bf6 42. Bd5 Rd7 43. c4 Be7 44. Bc6 Rd6 45. Bb5 Rd3+ 46. Kg2 Bf6 47. Ra8 Bc3 48. c5 Bb4 49. Bxd3 Bxc5 50. Rxa5 Bb4
51. Ra8 h5 52. a5 Bxa5 53. Rxa5 f6 54. Kf3 f5 55. Bxf5 gxf5 56. Rxf5 Kg6 57. Kf4 Kh6 58. Rf6+ Kg7 59. Kg5 Kg8 60. Kxh5 Kg7
61. Ra6 Kh7 62. Ra7+ Kg8 63. Kg6 Kf8 64. h4 Ke8 65. h5
1-0

[Event "Team GB Knockout"]
[Site "SchemingMind.com"]
[Date "2007.02.22"]
[Round "-"]
[White "Yegor Statsenko"]
[Black "asperse"]
[Result "0-1"]
[WhiteCountry "NCA"]
[BlackCountry "ENG"]
[WhiteElo "1016"]
[WhiteRD "213"]
[BlackElo "1401"]
[BlackRD "81"]
[GameID "92626"]

1. e4 e5 2. Nf3 d6 3. d4 Nc6 4. dxe5 Nxe5 5. Nxe5 dxe5 6. Qxd8+ Kxd8 7. Bc4 f6 8. Be3 Bd6 9. Nc3 a6 10. O-O-O Ke7
0-1

[Event "Team GB Knockout"]
[Site "SchemingMind.com"]
[Date "2007.02.19"]
[Round "-"]
[White "cai"]
[Black "Guillote"]
[Result "0-1"]
[WhiteCountry "SWE"]
[BlackCountry "ARG"]
[WhiteElo "1624"]
[WhiteRD "74"]
[BlackElo "1630"]
[BlackRD "80"]
[GameID "92634"]

1. d4 d6 2. c4 g6 3. Nc3 Bg7 4. e4 Nf6 5. f3 O-O 6. Be3 b6 7. Qd2 Nbd7 8. Nge2 Ba6 9. b3 Bb7 10. g4 e6
11. g5 Nh5 12. Ng3 d5 13. Nxh5 gxh5 14. g6 fxg6 15. Bh6 Qh4+ 16. Kd1 Rxf3 17. Bxg7 Kxg7 18. Be2 Rf2 19. h3 dxe4 20. d5 Nc5
21. Kc2 Rd8 22. Nb5 exd5 23. Qd4+ Kg8 24. Qd2 dxc4 25. Qe3 cxb3+ 26. axb3 a6 27. Nxc7 Rc8 28. b4 Rxc7 29. bxc5 Rxc5+ 30. Kd2 a5
31. Raf1 Rxf1 32. Rxf1 Qg5 33. Bc4+ Kg7 34. Rf7+ Kh6 35. Rxb7 Qxe3+ 36. Kxe3 Rxc4 37. Rxb6 Rc3+ 38. Kxe4 Rxh3 39. Ra6 Ra3 40. Kf4 a4
41. Ra5 Ra1 42. Kg3 a3 43. Kg2 g5 44. Kg3 a2 45. Ra6+ Kg7 46. Ra5 Rg1+ 47. Kf2 a1=Q 48. Rxa1 Rxa1
0-1

[Event "Team GB Knockout"]
[Site "SchemingMind.com"]
[Date "2007.02.18"]
[Round "-"]
[White "jtrochez1"]
[Black "Quanah4"]
[Result "0-1"]
[WhiteCountry "HON"]
[BlackCountry "USA"]
[WhiteElo "1549"]
[WhiteRD "50"]
[BlackElo "1593"]
[BlackRD "81"]
[GameID "92800"]

1. e4 e6 2. Bc4 d5 3. exd5 exd5 4. Be2 c5 5. Nf3 Nf6 6. d4 Nc6 7. c3 Be7 8. Be3 O-O 9. h3 b6 10. O-O Bb7
11. Nbd2 c4 12. Nh2 Qc7 13. Ndf3 Rac8 14. Nd2 Bd6 15. Ng4 Be7 16. Nxf6+ Bxf6 17. Qc1 Rce8 18. Nf3 h6 19. Qd2 Ne7 20. Nh2 Ng6
21. Nf3 Be7 22. b3 b5 23. b4 a5 24. a3 a4 25. Nh2 Bd6 26. Ng4 Bc8 27. Bxh6 Bxg4 28. Bxg4 gxh6 29. Qxh6 Bf4 30. Qh5 Kg7
31. Qxd5 Qb8 32. Ra2 Rd8 33. Qe4 Rde8 34. Qc2 Bh6 35. g3 Re7 36. Raa1 Rfe8 37. Rad1 Qb6 38. f4 Re3 39. Bf3 Qe6 40. d5 Qxh3
41. Qh2 Qxh2+ 42. Kxh2 Rxc3 43. d6 Rce3 44. d7 Rd8 45. Bc6 Nf8 46. Bxb5 Re7 47. Bxc4 Nxd7 48. Bb5 Kf8 49. Bxa4 Bg7 50. Bxd7 Rexd7
51. Rxd7 Rxd7 52. Rf2 Rd3 53. Ra2 Bc3 54. b5 Be1 55. Kg2 Bxg3 56. f5 Ke7 57. a4 Bb8 58. a5 Kd7 59. Kf2 Kc7 60. Ke2 Rd5
61. Ke3 Rxb5 62. Ke4 f6 63. Ra3 Kc6 64. Rc3+ Rc5 65. Rh3 Rxa5 66. Rd3 Be5 67. Rd8 Ra4+ 68. Kf3 Rf4+ 69. Ke3 Rxf5 70. Ke4 Rf4+
71. Ke3 Rb4 72. Rd1 Kc5 73. Rd8 Rb7 74. Ke4 Re7 75. Rd1 Re6 76. Kf3 f5 77. Kg2 f4 78. Kf3 Rd6 79. Rxd6 Kxd6 80. Ke4 Ke6
81. Kf3 Kf5 82. Kf2 Kg4 83. Kg2 Bf6 84. Kf2 f3 85. Kf1 Bh4
0-1

[Event "Team GB Knockout"]
[Site "SchemingMind.com"]
[Date "2007.02.18"]
[Round "-"]
[White "Quanah4"]
[Black "jtrochez1"]
[Result "1-0"]
[WhiteCountry "USA"]
[BlackCountry "HON"]
[WhiteElo "1602"]
[WhiteRD "83"]
[BlackElo "1559"]
[BlackRD "45"]
[GameID "92806"]

1. d4 d5 2. e3 Nf6 3. c4 e6 4. Nf3 Nc6 5. Nc3 Be7 6. b3 O-O 7. Bb2 h6 8. Be2 Qe8 9. O-O a6 10. Rc1 Nh7
11. cxd5 exd5 12. Nxd5 Bd8 13. Ba3 Ne7 14. Nxc7 Bxc7 15. Rxc7 Nd5 16. Rc1 Ne7 17. e4 Bd7 18. Re1 Qd8 19. Bc4 Bg4 20. Bxe7 Qxe7
21. h3 Bh5 22. Qd3 Ng5 23. Nxg5 Qxg5 24. Qe3 Qxe3 25. Rxe3 Rad8 26. d5 Kh8 27. f3 f6 28. a4 Be8 29. f4 Rd6 30. g3 b5
31. axb5 axb5 32. Bd3 b4 33. Bc4 Bf7 34. Rd1 Bg6 35. e5 fxe5 36. fxe5 Rb6 37. d6 Bf5 38. h4 Bd7 39. e6 Bxe6 40. Bxe6 Rc6
41. d7 Rxe6 42. Rxe6
1-0

[Event "Team GB Knockout"]
[Site "SchemingMind.com"]
[Date "2007.02.20"]
[Round "-"]
[White "fouche"]
[Black "palaciorep"]
[Result "0-1"]
[WhiteCountry "COL"]
[BlackCountry "ARG"]
[WhiteElo "1593"]
[WhiteRD "70"]
[BlackElo "1676"]
[BlackRD "64"]
[GameID "92940"]

1. d4 d5 2. c4 e6 3. Nc3 Bb4 4. Nf3 Bxc3+ 5. bxc3 Nf6 6. Bg5 h6 7. Bh4 c6 8. e3 O-O 9. cxd5 cxd5 10. Bd3 Qc7
11. Rc1 Nbd7 12. Bg3 Qa5 13. Qc2 b5 14. O-O a6 15. e4 Bb7 16. e5 Nh5 17. Bh4 f5 18. exf6 Nhxf6 19. Ne5 Qc7 20. f4 Nxe5
21. fxe5 Ne4 22. Bxe4 dxe4 23. Rxf8+ Rxf8 24. Rf1 Rxf1+ 25. Kxf1 Bd5 26. Ke2 Qc4+ 27. Ke3 Qxa2 28. Qxa2 Bxa2 29. Kxe4= Bd5+ 30. Kd3 Bxg2
31. Be7 Bd5 32. h4 Kf7 33. Bb4 Kg6 34. Ke3 Kf5 35. Ba5 Kg4 36. Bd8 a5 37. Bxa5 Kxh4 38. Kf2 Kh3 39. Kg1 g5 40. Bd8 g4
41. Bf6 h5 42. Bg5 Kg3 43. Be3 h4 44. Bf2+ Kh3 45. Be3 g3 46. Bg5 Kg4
0-1

[Event "Team GB Knockout"]
[Site "SchemingMind.com"]
[Date "2007.02.21"]
[Round "-"]
[White "king3012"]
[Black "megapixel"]
[Result "1-0"]
[WhiteCountry "AUT"]
[BlackCountry "ENG"]
[WhiteElo "2231"]
[WhiteRD "111"]
[BlackElo "1753"]
[BlackRD "99"]
[GameID "92941"]

1. c4 c5 2. Nf3 g6 3. e4 Bg7 4. d4 cxd4 5. Nxd4 Nc6 6. Be3 d6 7. Nc3 Nf6 8. Be2 O-O 9. f3 Nd7 10. Qd2 b6
11. Nxc6
1-0

[Event "Team GB Knockout"]
[Site "SchemingMind.com"]
[Date "2007.02.20"]
[Round "-"]
[White "palaciorep"]
[Black "fouche"]
[Result "1/2-1/2"]
[WhiteCountry "ARG"]
[BlackCountry "COL"]
[WhiteElo "1676"]
[WhiteRD "64"]
[BlackElo "1593"]
[BlackRD "70"]
[GameID "92946"]

1. e4 d6 2. Nc3 Nf6 3. h3 g6 4. Nf3 Bg7 5. Bc4 O-O 6. d3 Nbd7 7. Be3 a6 8. a3 b5 9. Bb3 Bb7 10. O-O c5
11. Nd5 e6 12. Nxf6+ Nxf6 13. c4 Qc7 14. Rc1 Rad8 15. Bg5 h6 16. Bxf6 Bxf6 17. Rc2 d5 18. Qe2 dxe4 19. dxe4 Bd4 20. Nxd4 cxd4
21. Qd3 bxc4 22. Rxc4 Qe5 23. f3 Rd6 24. Rd1 Rfd8 25. Bc2 f5 26. exf5 gxf5 27. Rd2 Qe1+ 28. Kh2 Kh8 29. Rc7 Bc8 30. Re2 Qh4
31. g3 Qh5 32. Bb3 Qg6 33. f4 h5 34. Bc4 Qf6 35. Ra7 R8d7 36. Rxd7 Bxd7 37. Bxa6 Bc6 38. Bc4 Bd5 39. Rc2 Be4 40. Qd2 Bxc2
41. Qxc2 Qd8 42. Bd3 Qd7 43. b4 Rc6 44. Qe2 Qh7 45. Qe5+ Qg7 46. Qe2 Qh6 47. Qe5+=
1/2-1/2

[Event "Team GB Knockout"]
[Site "SchemingMind.com"]
[Date "2007.02.20"]
[Round "-"]
[White "megapixel"]
[Black "king3012"]
[Result "0-1"]
[WhiteCountry "ENG"]
[BlackCountry "AUT"]
[WhiteElo "1909"]
[WhiteRD "90"]
[BlackElo "2298"]
[BlackRD "112"]
[GameID "92947"]

1. e4 b6 2. d4 e6 3. Nc3 Bb7 4. Nf3 Bb4 5. Bd3 Nf6 6. Qe2 d5 7. e5 Ne4 8. Bd2 Nxd2 9. Qxd2 O-O 10. O-O c5
11. a3 Bxc3 12. bxc3 c4 13. Bxh7+ Kxh7 14. Ng5+ Kg8 15. Qf4 f6 16. Nxe6 fxe5 17. Qxe5 Qf6 18. Qxf6 Rxf6 19. Nc7 Na6 20. Nxa8 Bxa8
21. Rfe1 Kf8 22. Re3 Bc6 23. Rae1 Nc7 24. f3 Ba4 25. R1e2= Kg8 26. Re7 Rf7 27. R7e5 Bc6 28. h4 Nb5 29. Rg5 Nxc3 30. Re6 Ba4
31. h5 Bxc2 32. Re8+ Kh7 33. h6 Kxh6 34. Rg4 g5 35. Rg3 Nb5 36. Rg8 Bf5 37. R3xg5 Bh7
0-1

[Event "Team GB Knockout"]
[Site "SchemingMind.com"]
[Date "2007.02.25"]
[Round "-"]
[White "Wingnut"]
[Black "Be0wulf"]
[Result "0-1"]
[WhiteCountry "USA"]
[BlackCountry "PHI"]
[WhiteElo "1395"]
[WhiteRD "155"]
[BlackElo "1551"]
[BlackRD "109"]
[GameID "93122"]

1. e4 e5 2. Nf3 Nf6 3. Bc4 Be7 4. Nxe5 O-O 5. Bxf7+ Rxf7 6. Nxf7 Kxf7 7. e5 Ne8 8. Qf3+ Kg8 9. O-O Nc6 10. Re1 d5
11. e6 Nf6 12. Nc3 a6 13. Qf5 Nd4 14. Qd3 Nxe6 15. Re5 Bd6 16. Re3 c6 17. Rh3 Nf4 18. Qd4 Nxh3+ 19. gxh3 Bxh3 20. Na4 Ne4
21. Qb6 Qg5+ 22. Kh1 Qg2#
0-1

[Event "Team GB Knockout"]
[Site "SchemingMind.com"]
[Date "2007.02.25"]
[Round "-"]
[White "Be0wulf"]
[Black "Wingnut"]
[Result "1-0"]
[WhiteCountry "PHI"]
[BlackCountry "USA"]
[WhiteElo "1578"]
[WhiteRD "131"]
[BlackElo "1429"]
[BlackRD "160"]
[GameID "93128"]

1. e4 e5 2. Nf3 d5 3. exd5 Qxd5 4. Nc3 Qc5 5. b3 e4 6. Nxe4 Qb4 7. Nc3 Bf5 8. Bc4 Nh6 9. Bb2 Qb6 10. Qe2+ Be7
11. Nd5 Qc5 12. d4 Qa5+ 13. Bc3 Qa3 14. Bb4 Qb2 15. Qxe7#
1-0

[Event "Team GB Knockout"]
[Site "SchemingMind.com"]
[Date "2007.03.09"]
[Round "-"]
[White "Scarian"]
[Black "willygor"]
[Result "1/2-1/2"]
[WhiteCountry "GBR"]
[BlackCountry "ARG"]
[WhiteElo "1961"]
[WhiteRD "88"]
[BlackElo "1748"]
[BlackRD "74"]
[GameID "95625"]

1. e4 Nc6 2. Nf3 e6 3. d4 d5 4. Nbd2 Bb4 5. c3 Be7 6. Bd3 dxe4 7. Nxe4 Nf6 8. Nxf6+ Bxf6 9. O-O b6 10. Qc2 h6
11. Be4 Bb7 12. Ne5 Qd6 13. Qa4 Bxe5 14. dxe5 Qc5 15. Be3 b5 16. Bxc5 bxa4 17. Rad1 Rd8 18. f4 a6 19. Bc2= Nb8 20. Bxa4+ Bc6
21. Bb3=
1/2-1/2

[Event "Team GB Knockout"]
[Site "SchemingMind.com"]
[Date "2007.03.09"]
[Round "-"]
[White "willygor"]
[Black "Scarian"]
[Result "0-1"]
[WhiteCountry "ARG"]
[BlackCountry "GBR"]
[WhiteElo "1748"]
[WhiteRD "74"]
[BlackElo "1961"]
[BlackRD "88"]
[GameID "95629"]

1. e4 d5 2. exd5 Qxd5 3. Nf3 Bg4 4. Be2 Nc6 5. Nc3 Qd7 6. d3 e5 7. O-O O-O-O 8. Bg5 Be7 9. Bxe7 Ngxe7 10. h3 Bf5
11. Nh2 Ng6 12. a4 Nf4 13. Bg4 Nd4 14. Nb5 h5 15. Bxf5 Qxf5 16. Nxa7+ Kb8 17. Nb5 Qg6 18. g3 Nde2+ 19. Kh1 Qc6+ 20. f3 Nxg3+
21. Kg1 Qc5+ 22. d4 exd4 23. b4 Qg5
0-1

[Event "Team GB Knockout"]
[Site "SchemingMind.com"]
[Date "2007.05.13"]
[Round "-"]
[White "jasniepanicz"]
[Black "mebalse"]
[Result "0-1"]
[WhiteCountry "POL"]
[BlackCountry "URU"]
[WhiteElo "1461"]
[WhiteRD "99"]
[BlackElo "1958"]
[BlackRD "81"]
[GameID "105039"]

1. e4 e5 2. Bc4 Bc5 3. Qf3 Nf6 4. d3 d6 5. h3 O-O 6. a3 Be6 7. Ba2 Nc6 8. Be3 Nd7 9. Bxc5 Nxc5 10. b3 Nd4
11. Qd1 f5 12. exf5 Rxf5 13. Ne2 Qg5
0-1

[Event "Team GB Knockout"]
[Site "SchemingMind.com"]
[Date "2007.05.14"]
[Round "-"]
[White "Darko"]
[Black "sidra"]
[Result "1-0"]
[WhiteCountry "ROU"]
[BlackCountry "HUN"]
[WhiteElo "1949"]
[WhiteRD "82"]
[BlackElo "1666"]
[BlackRD "84"]
[GameID "105040"]

1. e4 e5 2. Nf3 d6 3. d4 exd4 4. Nxd4 a6 5. Bc4 c5 6. Ne2 h6 7. O-O Nf6 8. e5 Nh7 9. Bf4 b5 10. Bxf7+ Kxf7
11. Qd5+ Be6 12. Qxa8 g5 13. Be3 Bg7 14. Qf3+ Ke7 15. exd6+ Qxd6 16. c3 Rf8 17. Qe4 Nf6 18. Qc2 Ng4 19. Ng3 Nxe3 20. fxe3 Rxf1+
21. Nxf1 Qe5 22. Nbd2 Bf5 23. Qd1 Nc6 24. Qf3 Kd6 25. Rd1 Kc7 26. Qg3 Bc2 27. Qxe5+ Bxe5 28. Re1 h5 29. Nf3 Bf6 30. h3 h4
31. g3 hxg3 32. Nxg3 Bg6 33. e4 Ne5 34. Nxe5 Bxe5 35. Kg2 Kc6 36. Kf3 b4 37. Ne2 a5 38. Kg4 bxc3 39. Kxg5 Bf7 40. Kf5 Bh8
41. Nxc3 Be8 42. h4 Bd7+ 43. Kg5 Kd6 44. h5 Ke5 45. Rf1 Bc6 46. h6 Bxe4 47. Re1 Bf6+ 48. Kg4 c4 49. Rxe4+ Kd6 50. Rxc4 Be5
51. h7 Bg7 52. Ra4
1-0